00342 a2200133 4500001000700000040002200007041001600029082002100045100003000066245003500096260005600131300000800187362001300195141353 cLeonardo Da Vinci aPortuguês a324.3 Z58abZ58a aZERBINE, Therezinha Godoy aAnistiabsementes da liberdade bEscolas profissionais salesianasc1979aSão Paulo a255 a19790000